| 000 | 01593nam a22002777a 4500 | ||
|---|---|---|---|
| 008 | 231113s2023 xxk|||||o|||| 00| 0 eng d | ||
| 041 | _aeng | ||
| 110 | _aRoyal Institution of Chartered Surveyors | ||
| 245 |
_aUK Net Zero Carbon Buildings Standard _h[Electronic resource] |
||
| 260 |
_bRoyal Institution of Chartered Surveyors (and others), _c2023 |
||
| 520 | _aThe UK's first Net Zero Carbon Buildings Standard that brings together Net-Zero Carbon requirements for all major building types, based on a 1.5°C trajectory. Leading industry organisations BBP, BRE, the Carbon Trust, CIBSE, IStructE, LETI, RIBA, RICS, and UKGBC have joined forces to champion this initiative. The UK Net Zero Carbon Buildings Standard will enable industry to robustly prove their built assets are net zero carbon and in line with our nation’s climate targets. The Standard will align as far as possible with existing Net Zero initiatives and Standards. | ||
| 650 | _aCARBON EMISSIONS | ||
| 650 | _aDECARBONISATION | ||
| 650 | _aNET ZERO | ||
| 651 | _aUnited Kingdom | ||
| 710 | _aRoyal Institution of Chartered Surveyors | ||
| 710 | _aBetter Buildings Partnership | ||
| 710 | 2 | _aBRE Global | |
| 710 | _aLondon Energy Transformation Initiative | ||
| 710 | _aChartered Institution of Building Services Engineers | ||
| 710 | _aRoyal Institute of British Architects | ||
| 710 | 2 | _aThe Carbon Trust | |
| 710 | _aInstitution of Structural Engineers | ||
| 856 |
_uhttps://www.nzcbuildings.co.uk/ _zAvailable from NZC Buildings consortium |
||
| 942 | _n0 | ||
| 999 |
_c121714 _d121714 |
||